LEADER 00675nam a2200193 i 4500 001 000000224149 003 CaOOAMICUS 005 20131025000000.0 008 131025s1838 it u000 u ita u 013 $a203047 040 $aSeMil$bita 245 10$aInfanzia. 1. 300 $aix, 238 p., [1] c. di tav. :$bill. 773 0 $aAmbrosoli, Francesco <1797-1868>$tGuida alla virtù per la via del diletto.$dMilano : Andrea Ubicini, 1838-1845$g1$w()28974 850 $aSeMil 852 $aSeMil$W1$xVenegono$y1$m2R I 187 FA$j174495$B174495$CSeMilBibl$Z2$F184571 $8I 941 1 $a10 961 $aRecupero: Mantegazza 996 $6245$aInfanzia. 1$9(OLS)http://semarc/title/321280 LEADER 00786nam a2200217 i 4500 001 000000062828 003 CaOOAMICUS 005 20130329000000.0 008 130329s1963 xx u000 u fre u 013 $a34000 040 $aSeMil$bita 245 10$aExégèse et patristique. 300 $a380 p. 490 0 $aThéologie ;$v56. 650 4$aTeologia - Saggi.$0(OLS)http://semarc/subject/231 700 1 $aLubac, Henri : de,$c.$0(OLS)http://semarc/name/49 773 0 $tHomme devant Dieu.$dParis : Aubier, 1963-1964.$g.$w()1187 830 0$aThéologie ;$v56.$0(OLS)http://semarc/title/426 850 $aSeMil 852 $aSeMil$W1$xVenegono$y1$m2M II 109$j28981$B28981$CSeMilBibl$Z2$F28984 $81 996 $6245$aExégèse et patristique$9(OLS)http://semarc/title/98980